000 00435nam a22001337a 4500
040 _cNUST
082 _a220 PRO
100 _aMalik Muhammad Ahmad Hafiz M. Farooq Nasir Ali Muhammad
_9100376
110 _aProject Supervisor Dr. Mohsin Islam Tawana Lec Ayesha Zeb
_9100377
245 _aPR-SOF-2145- Sensing Human Arm Movements
260 _aISLAMABAD:
_bNUST COLLEGE OF EME,
_c2022.
650 _aDE-MTS-40
_998604
942 _2ddc
_cPR
999 _c591840
_d591840